D & J McDougall Ltd v Argyll and Bute DC (Record no. 1292)

MARC details
000 -LEADER
fixed length control field 01527cab a2200205 4500
001 - CONTROL NUMBER
control field ABS37077
008 - FIXED-LENGTH DATA ELEMENTS--GENERAL INFORMATION
fixed length control field 090401t1986 xxu||||| |||| 00| 0 eng d
035 ## - SYSTEM CONTROL NUMBER
System control number (Sirsi) u2149
041 ## - LANGUAGE CODE
Language code of text/sound track or separate title eng
245 ## - TITLE STATEMENT
Title D & J McDougall Ltd v Argyll and Bute DC
260 ## - PUBLICATION, DISTRIBUTION, ETC.
Date of publication, distribution, etc. 1986
350 ## - PRICE (NR) (BK AM CF MU VM SE) [OBSOLETE]
Price 0
490 ## - SERIES STATEMENT
Series statement Scots Law Times
Volume/sequential designation 1986 SLT 564-570(7)
520 ## - SUMMARY, ETC.
Summary, etc. Outer House 29 March 1985. Action by contractors against local authority for payment of sum contractually due or due as damages for breach of contract on the modernisation of houses at Oban, Scotland . The work took place under JCT 1963 (Local Authorities with Quantities July 1972 revision), amended by Scottish Supplement July 1972. The contract provided that the works would be remeasured completely by the employers` quantity surveyors . As the works progressed, measurements were taken by the contractors and by the employers` quantity surveyors and were eventually agreed upon. A final figure was also agreed. Various disputes arose between the parties and the employers were called upon to submit these to arbitration . JCT 1963 clause 35(7) provided that "No action shall lie ... unless such action is raised or such proceedings are instituted within 3 years after the receipt by the contractor of the priced Bills of Variation ." The employers contended that the contractors claims were ti
650 ## - SUBJECT ADDED ENTRY--TOPICAL TERM
Topical term or geographic name entry element BUILT ENVIRONMENT-BUILDING CONTRACT FORMS
650 ## - SUBJECT ADDED ENTRY--TOPICAL TERM
Topical term or geographic name entry element Contracts
9 (RLIN) 6232
690 ## - LOCAL SUBJECT ADDED ENTRY--TOPICAL TERM (OCLC, RLIN)
Topical term or geographic name as entry element BUILDING AND CONSTRUCTION-CASE LAW
942 ## - ADDED ENTRY ELEMENTS (KOHA)
Suppress in OPAC 0
948 ## - LOCAL PROCESSING INFORMATION (OCLC); SERIES PART DESIGNATOR (RLIN)
c (OCLC) 04/03/1997
Holdings
Withdrawn status Lost status Source of classification or shelving scheme Damaged status Not for loan Home library Current library Shelving location Date acquired Total Checkouts Full call number Barcode Date last seen Copy number Price effective from Koha item type
    Dewey Decimal Classification     London London Journal article 14/09/1999   ABS37077 2149-1001 06/08/2019 1 06/08/2019 Law report